[Event "20th EUR-ch"]
[Site "Skopje MKD"]
[Date "2019.03.28"]
[Round "10"]
[White "Diermair, Andreas"]
[Black "Donchenko, Alexander"]
[Result "1/2-1/2"]
[WhiteElo "2478"]
[BlackElo "2593"]
[EventDate "2019.03.18"]
[Board "58"]
[PlyCount "70"]

1.Nf3 Nf6 2.c4 b6 3.g3 Bb7 4.Bg2 g6 5.d4 Bg7 6.O-O O-O 7.Qc2 c5 8.d5 b5 9.
e4 bxc4 10.Na3 e6 11.Bg5 h6 12.Bxf6 Qxf6 13.Nxc4 exd5 14.e5 Qd8 15.Nd6 Bc6
16.Qxc5 Na6 17.Qe3 Qb6 18.Nd4 Rab8 19.b3 Nc7 20.Rad1 f6 21.f4 Ne6 22.Rfe1 
fxe5 23.fxe5 a5 24.Bh3 Nxd4 25.Qxd4 Qxd4+ 26.Rxd4 Rb4 27.Rd2 a4 28.Bg2 
axb3 29.axb3 Rxb3 30.Bxd5+ Bxd5 31.Rxd5 Rb2 32.Ne4 Rf5 33.Rxd7 Rxe5 34.
Rd8+ Kh7 35.Rd7 Kg8 1/2-1/2

[Event "20th EUR-ch"]
[Site "Skopje MKD"]
[Date "2019.03.28"]
[Round "10"]
[White "Jurcik, Marian"]
[Black "Wagner, Dennis"]
[Result "1/2-1/2"]
[WhiteElo "2474"]
[BlackElo "2580"]
[EventDate "2019.03.18"]
[Board "59"]
[PlyCount "74"]

1.b3 Nf6 2.Bb2 g6 3.g3 Bg7 4.Bg2 d5 5.Nf3 c5 6.c4 d4 7.b4 O-O 8.O-O Re8 9.
bxc5 e5 10.d3 Nfd7 11.Nbd2 Nxc5 12.Ba3 Nba6 13.Ne1 Rb8 14.Rb1 Bd7 15.Ne4 
Bf8 16.Bxc5 Bxc5 17.f4 b6 18.fxe5 Rxe5 19.Qd2 Kg7 20.Nf3 Re8 21.Qf4 Qe7 
22.Ne5 f5 23.Nxd7 Qxd7 24.Nxc5 bxc5 25.Rxb8 Nxb8 26.Rb1 Nc6 27.Bf3 Rc8 28.
Bxc6 Qxc6 29.Rb8 Rxb8 30.Qxb8 Qb6 31.Qe5+ Kf7 32.Kf2 a5 33.Kf3 Qe6 34.Qc7+
Kf6 35.Kf2 Qe3+ 36.Kf1 Qc1+ 37.Kf2 Qe3+ 1/2-1/2

[Event "20th EUR-ch"]
[Site "Skopje MKD"]
[Date "2019.03.28"]
[Round "10"]
[White "Maze, Sebastien"]
[Black "Costachi, Mihnea"]
[Result "1-0"]
[WhiteElo "2578"]
[BlackElo "2466"]
[EventDate "2019.03.18"]
[Board "60"]
[PlyCount "56"]

1.c4 e5 2.Nc3 Nc6 3.Nf3 Nf6 4.e3 Be7 5.a3 a5 6.d4 exd4 7.exd4 d5 8.h3 O-O 
9.Be2 Be6 10.c5 Ne4 11.Qc2 Bf6 12.Be3 Bf5 13.Qb3 Nxc3 14.Qxc3 a4 15.O-O 
Na5 16.Nd2 Re8 17.Bb5 Bd7 18.Bd3 b5 19.Nf3 Nc4 20.Bf4 Ra6 21.Rae1 Rae6 22.
Rxe6 Rxe6 23.Re1 Rxe1+ 24.Nxe1 c6 25.Nf3 Be6 26.Kh2 Qa5 27.Qc1 h6 28.h4 
Qd8 1-0

[Event "20th EUR-ch"]
[Site "Skopje MKD"]
[Date "2019.03.28"]
[Round "10"]
[White "Belyakov, Bogdan"]
[Black "Djukic, Nikola"]
[Result "0-1"]
[WhiteElo "2464"]
[BlackElo "2572"]
[EventDate "2019.03.18"]
[Board "61"]
[PlyCount "78"]

1.d4 Nf6 2.c4 g6 3.Nc3 Bg7 4.e4 d6 5.Be2 O-O 6.Nf3 e5 7.O-O Nc6 8.dxe5 
dxe5 9.Bg5 Qxd1 10.Rfxd1 Bg4 11.Rac1 h6 12.Be3 Rfd8 13.Nd5 Nxe4 14.Nxc7 
Rac8 15.Nd5 Be6 16.a3 f5 17.Nd2 Nxd2 18.Bxd2 Nd4 19.Bf1 Nb3 20.Rb1 Kf7 21.
Bb4 Rd7 22.Ne3 Rxd1 23.Rxd1 e4 24.Nd5 a5 25.Bc3 Rd8 26.Bxg7 Kxg7 27.Re1 
Nd2 28.Rd1 Nxf1 29.Kxf1 Bxd5 30.cxd5 Kf6 31.f4 Rc8 32.Rd2 Ke7 33.Rd4 Rc1+ 
34.Kf2 Rc2+ 35.Kg3 Kd6 36.b4 a4 37.b5 Rc3+ 38.Kh4 Rxa3 39.g4 Ra1 0-1

[Event "20th EUR-ch"]
[Site "Skopje MKD"]
[Date "2019.03.28"]
[Round "10"]
[White "Arnaudov, Petar Georgiev"]
[Black "Buhmann, Rainer"]
[Result "1/2-1/2"]
[WhiteElo "2462"]
[BlackElo "2568"]
[EventDate "2019.03.18"]
[Board "62"]
[PlyCount "22"]

1.Nf3 Nf6 2.c4 e6 3.g3 Be7 4.d4 d5 5.Bg2 O-O 6.O-O dxc4 7.Qc2 b5 8.a4 b4 
9.Nbd2 Bb7 10.Nxc4 c5 11.dxc5 Be4 1/2-1/2

[Event "20th EUR-ch"]
[Site "Skopje MKD"]
[Date "2019.03.28"]
[Round "10"]
[White "Caspi, Israel"]
[Black "Meskovs, Nikita"]
[Result "0-1"]
[WhiteElo "2461"]
[BlackElo "2568"]
[EventDate "2019.03.18"]
[Board "63"]
[PlyCount "140"]

1.e4 c5 2.Nf3 e6 3.d4 cxd4 4.Nxd4 Nc6 5.Nc3 Qc7 6.Be3 a6 7.Qd2 Nf6 8.O-O-O
Be7 9.f3 b5 10.Kb1 Bb7 11.Bf4 Qb6 12.Nb3 O-O 13.g4 d6 14.g5 Ne8 15.h4 Ne5 
16.Be3 Qc7 17.Be2 b4 18.Na4 Bc6 19.Qxb4 Rb8 20.Qd4 Bb5 21.Nc3 Bxe2 22.Nxe2
Nxf3 23.Qa4 Qb7 24.Rh3 Ne5 25.Bf4 Nd7 26.Nc3 Nb6 27.Qb4 Qa8 28.Bh2 Nc7 29.
Qd4 e5 30.Qd3 Nb5 31.Ne2 Qc6 32.Na5 Qc7 33.Rf3 Na4 34.Nb3 Nc5 35.Qd5 Nxb3 
36.axb3 Qb7 37.Qd3 a5 38.Bg1 Qc6 39.Qd5 Qa6 40.Nc3 Nc7 41.Qd3 Qxd3 42.
Rdxd3 Rb4 43.Be3 f6 44.gxf6 Rxf6 45.Rxf6 gxf6 46.Bc5 dxc5 47.Rd7 Nb5 48.
Nd5 Rxe4 49.Rxe7 Re1+ 50.Ka2 Kf8 51.Re6 Nd4 52.Rxf6+ Ke8 53.Rf2 e4 54.c3 
Ne2 55.Rf6 Kd7 56.Nb6+ Kd8 57.Nc4 Nc1+ 58.Ka3 e3 59.Nxe3 Rxe3 60.Ra6 h5 
61.Rxa5 Nd3 62.b4 cxb4+ 63.cxb4 Rh3 64.Rf5 Kc7 65.b5 Kb6 66.b4 Rxh4 67.Rf8
Nxb4 68.Rb8+ Ka5 69.b6 Nc6 70.Rb7 Ka6 0-1

[Event "20th EUR-ch"]
[Site "Skopje MKD"]
[Date "2019.03.28"]
[Round "10"]
[White "Blohberger, Felix"]
[Black "Petrosian, Manuel"]
[Result "0-1"]
[WhiteElo "2459"]
[BlackElo "2564"]
[EventDate "2019.03.18"]
[Board "64"]
[PlyCount "110"]

1.e4 e5 2.Nf3 Nc6 3.Bb5 a6 4.Ba4 g6 5.c3 d6 6.d4 Bd7 7.O-O Bg7 8.Re1 Nge7 
9.dxe5 dxe5 10.Be3 b6 11.Qc1 O-O 12.Bh6 Qc8 13.Bxg7 Kxg7 14.Nbd2 f6 15.h3 
Nd8 16.Bxd7 Qxd7 17.Qc2 Ne6 18.Rad1 Nf4 19.Nf1 Qe6 20.Qb3 Rad8 21.Qxe6 
Nxe6 22.Ng3 Nc8 23.Kf1 Nd6 24.Nd2 a5 25.f3 Rf7 26.Nh1 Rfd7 27.Nf2 Nc5 28.
b3 a4 29.b4 Ne6 30.h4 c5 31.bxc5 Nxc5 32.Ke2 f5 33.g3 h5 34.Ke3 b5 35.Ke2 
Kf6 36.Ke3 a3 37.Ke2 Nc4 38.Nxc4 bxc4 39.Rxd7 Rxd7 40.Rb1 Na4 41.Ke3 Nxc3 
42.Rb6+ Ke7 43.Ra6 Nxa2 44.Rxa3 Nb4 45.Ke2 Nc6 46.Rc3 Nd4+ 47.Ke1 Rc7 48.
Nd1 Nb5 49.Rc1 Ke6 50.Ne3 fxe4 51.fxe4 Nd6 52.Nd5 Rf7 53.Ne3 Rf3 54.Nxc4 
Nxc4 55.Ke2 Rb3 0-1

[Event "20th EUR-ch"]
[Site "Skopje MKD"]
[Date "2019.03.28"]
[Round "10"]
[White "Santos Ruiz, Miguel"]
[Black "Flom, Gabriel"]
[Result "1/2-1/2"]
[WhiteElo "2560"]
[BlackElo "2457"]
[EventDate "2019.03.18"]
[Board "65"]
[PlyCount "26"]

1.c4 Nf6 2.Nc3 g6 3.e4 d6 4.d4 Bg7 5.f3 O-O 6.Be3 e5 7.d5 Nh5 8.Qd2 Qh4+ 
9.Bf2 Qf4 10.Be3 Qh4+ 11.Bf2 Qf4 12.Be3 Qh4+ 13.Bf2 Qf4 1/2-1/2

[Event "20th EUR-ch"]
[Site "Skopje MKD"]
[Date "2019.03.28"]
[Round "10"]
[White "Lomasov, Semyon"]
[Black "Colovic, Aleksandar"]
[Result "1-0"]
[WhiteElo "2559"]
[BlackElo "2449"]
[EventDate "2019.03.18"]
[Board "66"]
[PlyCount "97"]

1.e4 c5 2.Nf3 d6 3.d4 cxd4 4.Nxd4 Nf6 5.Nc3 a6 6.Nb3 e6 7.g4 b5 8.Bg2 Bb7 
9.g5 Nfd7 10.h4 Nc6 11.f4 b4 12.Ne2 h6 13.Be3 hxg5 14.hxg5 Rxh1+ 15.Bxh1 
g6 16.Nbd4 e5 17.Nxc6 Bxc6 18.Qd2 Qb8 19.O-O-O Qb7 20.Ng3 a5 21.f5 a4 22.
f6 b3 23.cxb3 axb3 24.a3 Nb6 25.Bxb6 Qxb6 26.Ne2 Ra4 27.Nc3 Rd4 28.Qe1 
Rxd1+ 29.Nxd1 Qd4 30.Qc3 Qxc3+ 31.Nxc3 d5 32.exd5 Bb7 33.Kd2 Kd7 34.Bf3 
Bc5 35.Bg4+ Kd8 36.Bd1 e4 37.Nxe4 Bd4 38.Bxb3 Bxb2 39.Nd6 Ba6 40.Nxf7+ Ke8
41.Nh8 Bxa3 42.d6 Bxd6 43.Nxg6 Bc8 44.f7+ Kd8 45.f8=Q+ Bxf8 46.Nxf8 Ke8 
47.Ng6 Bf5 48.Nh4 Bb1 49.Ke3 1-0

[Event "20th EUR-ch"]
[Site "Skopje MKD"]
[Date "2019.03.28"]
[Round "10"]
[White "Draskovic, Luka"]
[Black "Shevchenko, Kirill"]
[Result "0-1"]
[WhiteElo "2449"]
[BlackElo "2535"]
[EventDate "2019.03.18"]
[Board "68"]
[PlyCount "106"]

1.c4 Nf6 2.Nc3 g6 3.g3 Bg7 4.Bg2 O-O 5.Nf3 d6 6.O-O Nc6 7.d4 e5 8.dxe5 
dxe5 9.Bg5 Be6 10.Qc1 Qc8 11.Rd1 Nd7 12.Nd5 e4 13.Nd2 f5 14.Nb3 Rf7 15.f3 
a5 16.Be3 a4 17.Nd4 Nxd4 18.Bxd4 Bxd4+ 19.Rxd4 exf3 20.exf3 Nc5 21.Qf4 
Bxd5 22.Rxd5 Qf8 23.Qe3 b6 24.f4 Re8 25.Re5 Rfe7 26.Bd5+ Kg7 27.Re1 Rxe5 
28.fxe5 Nd7 29.e6 Qc5 30.Kf2 Qxe3+ 31.Rxe3 Nc5 32.Bc6 Re7 33.Ra3 Rxe6 34.
Bxa4 Ne4+ 35.Kg2 Rd6 36.Bb5 c6 37.Ra7+ Kf6 38.Ba4 c5 39.Rd7 Rxd7 40.Bxd7 
Ke5 41.Bc6 Kd4 42.Bd5 g5 43.a3 Nd2 44.Bg8 h6 45.b4 Ke3 46.bxc5 bxc5 47.a4 
f4 48.gxf4 gxf4 49.Bd5 f3+ 50.Kh3 f2 51.Bg2 f1=Q 52.Bxf1 Nxf1 53.a5 Nd2 
0-1

[Event "20th EUR-ch"]
[Site "Skopje MKD"]
[Date "2019.03.28"]
[Round "10"]
[White "Lobanov, Sergei"]
[Black "Haldorsen, Benjamin"]
[Result "1-0"]
[WhiteElo "2526"]
[BlackElo "2448"]
[EventDate "2019.03.18"]
[Board "69"]
[PlyCount "49"]

1.e4 e5 2.Nf3 Nc6 3.Bb5 a6 4.Ba4 g6 5.c3 Bg7 6.d4 b5 7.Bc2 exd4 8.cxd4 d6 
9.h3 Nge7 10.O-O O-O 11.Nc3 Bb7 12.Bg5 h6 13.Bd2 Kh7 14.Ne2 Qd7 15.Re1 
Rae8 16.Rc1 f5 17.Nf4 Nxd4 18.Nxd4 Bxd4 19.exf5 Nxf5 20.Nxg6 Qg7 21.Nxf8+ 
Rxf8 22.Qg4 Kh8 23.Bxf5 Bxf2+ 24.Kxf2 Rxf5+ 25.Kg1 1-0

[Event "20th EUR-ch"]
[Site "Skopje MKD"]
[Date "2019.03.28"]
[Round "10"]
[White "Filip, Lucian-Ioan"]
[Black "Thybo, Jesper Sondergaard"]
[Result "1/2-1/2"]
[WhiteElo "2438"]
[BlackElo "2525"]
[EventDate "2019.03.18"]
[Board "70"]
[PlyCount "99"]

1.Nf3 Nf6 2.c4 e6 3.g3 d5 4.d4 dxc4 5.Qa4+ c6 6.Qxc4 b5 7.Qb3 Bb7 8.Bg2 a6
9.a4 c5 10.dxc5 Nbd7 11.Be3 Bxc5 12.axb5 Bxe3 13.Qxe3 axb5 14.Rxa8 Qxa8 
15.O-O O-O 16.Qa3 Rc8 17.Qxa8 Bxa8 18.Nd4 Bxg2 19.Kxg2 b4 20.Rd1 Nb6 21.
Nb3 Na4 22.Rd4 Rb8 23.Na5 e5 24.Rd2 h5 25.b3 Nc3 26.Nxc3 bxc3 27.Rc2 Rb5 
28.Nc4 Rxb3 29.Nxe5 Nd5 30.Nd3 f5 31.h4 Nc7 32.Nc1 Ra3 33.Ra2 Rxa2 34.Nxa2
Nd5 35.Kf3 c2 36.Nc1 Nc3 37.Kf4 g6 38.f3 Nd5+ 39.Kg5 Ne3 40.Kf4 Ng2+ 41.
Kg5 Kf7 42.g4 fxg4 43.fxg4 Ke6 44.gxh5 gxh5 45.Kxh5 Kf5 46.e4+ Kf4 47.e5 
Kf5 48.Nb3 Nf4+ 49.Kh6 Kxe5 50.Kg5 1/2-1/2

[Event "20th EUR-ch"]
[Site "Skopje MKD"]
[Date "2019.03.28"]
[Round "10"]
[White "Druska, Juraj"]
[Black "Basso, Pier Luigi"]
[Result "1/2-1/2"]
[WhiteElo "2434"]
[BlackElo "2521"]
[EventDate "2019.03.18"]
[Board "71"]
[PlyCount "53"]

1.e4 c5 2.Nf3 e6 3.b3 b6 4.Bb2 Bb7 5.Qe2 Nc6 6.g3 d5 7.exd5 Qxd5 8.Bg2 Nf6
9.Na3 Be7 10.O-O O-O 11.c4 Qd7 12.Nc2 a5 13.Rfd1 Rfd8 14.d4 Qc7 15.Ne3 
Nxd4 16.Nxd4 cxd4 17.Bxd4 Bxg2 18.Kxg2 Bc5 19.Bb2 Ne4 20.f3 Nd6 21.Bc3 h5 
22.Rd3 Bxe3 23.Qxe3 Nf5 24.Qe2 Rxd3 25.Qxd3 Rd8 26.Be5 Qc5 27.Qe2 1/2-1/2

[Event "20th EUR-ch"]
[Site "Skopje MKD"]
[Date "2019.03.28"]
[Round "10"]
[White "Gaehwiler, Gabriel"]
[Black "Ruck, Robert"]
[Result "1/2-1/2"]
[WhiteElo "2414"]
[BlackElo "2521"]
[EventDate "2019.03.18"]
[Board "72"]
[PlyCount "34"]

1.d4 d5 2.c4 dxc4 3.e3 e5 4.Bxc4 Nc6 5.d5 Na5 6.Qa4+ c6 7.dxc6 Nxc6 8.Nc3 
Nf6 9.Nge2 a6 10.O-O Bd7 11.Qd1 Rc8 12.b3 b5 13.Bd3 Nb4 14.Bb1 Be7 15.Bb2 
O-O 16.Ng3 Re8 17.Nce4 Nxe4 1/2-1/2

[Event "20th EUR-ch"]
[Site "Skopje MKD"]
[Date "2019.03.28"]
[Round "10"]
[White "Nasuta, Grzegorz"]
[Black "Kozak, Adam"]
[Result "1-0"]
[WhiteElo "2517"]
[BlackElo "2445"]
[EventDate "2019.03.18"]
[Board "73"]
[PlyCount "57"]

1.e4 e5 2.Nf3 Nc6 3.Bc4 Bc5 4.c3 Nf6 5.d3 d6 6.O-O h6 7.Re1 a5 8.Nbd2 O-O 
9.Nf1 Be6 10.Bb5 Bb6 11.Ng3 Qb8 12.Be3 Qa7 13.Ba4 Ne7 14.h3 Ng6 15.d4 Rad8
16.Bc2 Rfe8 17.Qc1 Kh7 18.Nf5 Ng8 19.g4 f6 20.Kh2 N6e7 21.Rg1 Nxf5 22.gxf5
Bf7 23.Qd1 c5 24.Nxe5 Re7 25.Nxf7 Rxf7 26.Qh5 Re7 27.Bb3 cxd4 28.Qg6+ Kh8 
29.Bf7 1-0

[Event "20th EUR-ch"]
[Site "Skopje MKD"]
[Date "2019.03.28"]
[Round "10"]
[White "Soysal, Serkan"]
[Black "Potapov, Pavel"]
[Result "1/2-1/2"]
[WhiteElo "2405"]
[BlackElo "2517"]
[EventDate "2019.03.18"]
[Board "74"]
[PlyCount "79"]

1.Nf3 f5 2.d4 Nf6 3.e3 g6 4.c4 d6 5.b4 Bg7 6.Bb2 O-O 7.Be2 e6 8.O-O a5 9.
b5 b6 10.Nc3 Qe7 11.Qb3 Nbd7 12.Rac1 Bb7 13.Nd2 g5 14.Bf3 Bxf3 15.Nxf3 g4 
16.Ne1 Ne4 17.Qc2 Ndf6 18.Nd3 Nxc3 19.Bxc3 Ne4 20.Bb2 Rad8 21.Nf4 e5 22.
Nd5 Qf7 23.f3 gxf3 24.Rxf3 Rd7 25.dxe5 Bxe5 26.Rcf1 Qe6 27.Kh1 Bxb2 28.
Qxb2 Rdf7 29.Rf4 Qe5 30.Qd4 Qxd4 31.exd4 Nd2 32.Rc1 Re8 33.Kg1 Re4 34.Rxe4
Nxe4 35.Rc2 Nf6 36.Nxf6+ Rxf6 37.c5 dxc5 38.dxc5 Re6 39.cxb6 cxb6 40.Rc8+ 
1/2-1/2

[Event "20th EUR-ch"]
[Site "Skopje MKD"]
[Date "2019.03.28"]
[Round "10"]
[White "Nikolovski, Nikola"]
[Black "Van Foreest, Lucas"]
[Result "0-1"]
[WhiteElo "2404"]
[BlackElo "2515"]
[EventDate "2019.03.18"]
[Board "75"]
[PlyCount "90"]

1.e4 c5 2.Nf3 Nc6 3.d4 cxd4 4.Nxd4 Nf6 5.Nc3 e5 6.Ndb5 d6 7.Nd5 Nxd5 8.
exd5 Nb8 9.Qf3 a6 10.Qa3 Be7 11.Bg5 f6 12.Bd2 O-O 13.Bb4 axb5 14.Qxa8 Na6 
15.Bd2 Qb6 16.Be3 Qa5+ 17.c3 f5 18.f3 f4 19.Bf2 Bf6 20.Qa7 e4 21.Bd4 Bh4+ 
22.Bf2 Bxf2+ 23.Qxf2 e3 24.Qc2 Bf5 25.Bd3 Nb4 26.cxb4 Qxb4+ 27.Qc3 Qxc3+ 
28.bxc3 Bxd3 29.O-O-O Bc4 30.Kb2 Rf5 31.Rhe1 Rg5 32.g3 fxg3 33.f4 Rg4 34.
hxg3 Rxg3 35.Rd4 h5 36.a4 Rg2+ 37.Kc1 Be2 38.axb5 h4 39.Re4 h3 40.Rxe3 h2 
41.Rh3 Bg4 42.Rh4 Bf3 43.Re8+ Kf7 44.Rb8 Bxd5 45.c4 Rg1+ 0-1

[Event "20th EUR-ch"]
[Site "Skopje MKD"]
[Date "2019.03.28"]
[Round "10"]
[White "Sivuk, Vitaly"]
[Black "Kourkoulos-Arditis, Stamatis"]
[Result "1/2-1/2"]
[WhiteElo "2514"]
[BlackElo "2435"]
[EventDate "2019.03.18"]
[Board "76"]
[PlyCount "96"]

1.Nf3 Nf6 2.c4 g6 3.Nc3 Bg7 4.e4 d6 5.d4 O-O 6.Be2 e5 7.O-O Nc6 8.d5 Ne7 
9.Nd2 a5 10.b3 Bd7 11.Rb1 Nc8 12.a3 Nb6 13.Qc2 Bh6 14.Rb2 c6 15.dxc6 bxc6 
16.Rd1 Qe7 17.Nf1 Bxc1 18.Qxc1 Be6 19.Ne3 Ne8 20.b4 axb4 21.axb4 f5 22.
exf5 gxf5 23.c5 dxc5 24.b5 f4 25.Ng4 e4 26.bxc6 f3 27.Rxb6 fxe2 28.Nh6+ 
Kh8 29.Nxe2 Qf6 30.Qxc5 Qxh6 31.c7 Ng7 32.Qe5 Qh4 33.Ng3 Rae8 34.Qxe4 Qe7 
35.Rc1 Rc8 36.Qe5 Rg8 37.h3 Qf7 38.Rb8 Bc4 39.Rxc8 Rxc8 40.Nh5 Qxh5 41.
Qxh5 Nxh5 42.Rxc4 Nf6 43.g4 Kg7 44.Kg2 Kf7 45.Kg3 Nd5 46.Rc5 Ke6 47.Rc6+ 
Ke5 48.Kh4 Rxc7 1/2-1/2

[Event "20th EUR-ch"]
[Site "Skopje MKD"]
[Date "2019.03.28"]
[Round "10"]
[White "Zoler, Dan"]
[Black "Tica, Sven"]
[Result "1-0"]
[WhiteElo "2513"]
[BlackElo "2416"]
[EventDate "2019.03.18"]
[Board "77"]
[PlyCount "51"]

1.d4 Nf6 2.c4 e6 3.Nf3 d5 4.Nc3 Nbd7 5.Bg5 h6 6.Bh4 Be7 7.e3 O-O 8.Be2 
dxc4 9.Bxc4 a6 10.a4 c5 11.O-O cxd4 12.Nxd4 Ne5 13.Be2 Bd7 14.Qb3 Qa5 15.
Rfd1 b6 16.Qa2 Qb4 17.f4 Neg4 18.Nb3 e5 19.Rxd7 g5 20.fxe5 Nxd7 21.Nd5 Qe4
22.Bf3 Qc4 23.Rc1 Qxc1+ 24.Nxc1 Bc5 25.Bxg4 Nxe5 26.b4 1-0

[Event "20th EUR-ch"]
[Site "Skopje MKD"]
[Date "2019.03.28"]
[Round "10"]
[White "Sanal, Vahap"]
[Black "Radovanovic, Nikola"]
[Result "1-0"]
[WhiteElo "2511"]
[BlackElo "2426"]
[EventDate "2019.03.18"]
[Board "78"]
[PlyCount "109"]

1.d4 Nf6 2.Nf3 g6 3.Nbd2 Bg7 4.e4 d6 5.Bb5+ c6 6.Bd3 O-O 7.O-O Qc7 8.Re1 
e5 9.c3 Re8 10.a4 a5 11.h3 Nbd7 12.Nf1 b6 13.Ng3 Ba6 14.Bxa6 Rxa6 15.Bg5 
h6 16.Bd2 Raa8 17.Qb3 Rab8 18.Qa2 d5 19.dxe5 Nxe5 20.Nxe5 Qxe5 21.f4 Qe7 
22.e5 Nd7 23.b4 Nf8 24.Re3 f6 25.c4 Kh8 26.cxd5 cxd5 27.bxa5 fxe5 28.fxe5 
d4 29.Rf3 bxa5 30.Re1 Qe6 31.Qxe6 Nxe6 32.Ne4 Rb2 33.Rf7 Nd8 34.Rd7 Nc6 
35.Nf6 Re7 36.Rxe7 Nxe7 37.Bxa5 Nc6 38.Rc1 Nxa5 39.Rc8+ Bf8 40.Rxf8+ Kg7 
41.Rd8 Kf7 42.Rxd4 Ke6 43.Ng4 Nb7 44.a5 h5 45.a6 hxg4 46.Ra4 Nc5 47.a7 
Nxa4 48.a8=Q g3 49.Kf1 Rb1+ 50.Ke2 Nc3+ 51.Kf3 Nd5 52.Kxg3 Kxe5 53.Qd8 Rb6
54.Qg5+ Ke4 55.Kh4 1-0

[Event "20th EUR-ch"]
[Site "Skopje MKD"]
[Date "2019.03.28"]
[Round "10"]
[White "Goryachkina, Aleksandra"]
[Black "Nikitenko, Mihail"]
[Result "1-0"]
[WhiteElo "2504"]
[BlackElo "2408"]
[EventDate "2019.03.18"]
[Board "79"]
[PlyCount "39"]

1.d4 d6 2.e4 Nf6 3.Nc3 g6 4.Be3 Bg7 5.Qd2 c6 6.Nf3 b5 7.Bd3 Nbd7 8.a4 b4 
9.Ne2 a5 10.h3 e5 11.c3 Rb8 12.O-O O-O 13.Ng3 Qe7 14.Rfe1 Rd8 15.Rad1 b3 
16.Bh6 Nb6 17.Ra1 c5 18.dxc5 dxc5 19.Bxg7 Kxg7 20.Qe2 1-0

[Event "20th EUR-ch"]
[Site "Skopje MKD"]
[Date "2019.03.28"]
[Round "10"]
[White "Murzin, Volodar"]
[Black "Blagojevic, Dragisa"]
[Result "0-1"]
[WhiteElo "2337"]
[BlackElo "2498"]
[EventDate "2019.03.18"]
[Board "80"]
[PlyCount "88"]

1.Nf3 d5 2.g3 c6 3.Bg2 Bg4 4.h3 Bh5 5.c4 e6 6.O-O Nf6 7.d4 Nbd7 8.cxd5 
exd5 9.Qb3 Qb6 10.Qe3+ Be7 11.Nh4 Bg6 12.Nc3 Qd8 13.b4 a6 14.a4 O-O 15.
Nxg6 hxg6 16.Rb1 b5 17.a5 Bd6 18.Qd3 Qe7 19.Ba3 Rfe8 20.e3 Rac8 21.Rfe1 
Ne4 22.Nxe4 dxe4 23.Qb3 Nf6 24.Bc1 Nd5 25.Bd2 Qe6 26.Rb2 f5 27.h4 Kf7 28.
Kf1 Ke7 29.Ke2 Kd7 30.Kd1 g5 31.hxg5 Qg6 32.Kc2 Rh8 33.Kb1 Rh2 34.Rg1 Qh5 
35.Bc1 Bxb4 36.Rc2 Rh8 37.Bf1 Qxg5 38.Be2 Rh1 39.Rxh1 Rxh1 40.f4 Qe7 41.
Kb2 Re1 42.g4 g6 43.gxf5 gxf5 44.Ka2 Qd8 0-1

[Event "20th EUR-ch"]
[Site "Skopje MKD"]
[Date "2019.03.28"]
[Round "10"]
[White "Kozul, Zdenko"]
[Black "Zarubitski, Viachaslau"]
[Result "1/2-1/2"]
[WhiteElo "2619"]
[BlackElo "2404"]
[EventDate "2019.03.18"]
[Board "81"]
[PlyCount "117"]

1.Nf3 d5 2.c4 c6 3.e3 Nf6 4.Nc3 a6 5.a4 Bf5 6.Qb3 Ra7 7.a5 e6 8.d4 Nbd7 9.
Nh4 Be4 10.c5 h6 11.Nxe4 dxe4 12.g3 g5 13.Ng2 Nd5 14.Be2 f5 15.f3 N7f6 16.
fxe4 fxe4 17.Bd2 Bg7 18.O-O-O Kd7 19.Ne1 Qe7 20.Nc2 Kc7 21.Na3 e5 22.Nc4 
exd4 23.exd4 Rd8 24.Rhf1 Raa8 25.h4 Kb8 26.hxg5 hxg5 27.Bxg5 Ka7 28.Rf5 
Rac8 29.Rdf1 Ka8 30.Rxd5 Rxd5 31.Nb6+ Kb8 32.Nxd5 cxd5 33.Bxa6 Rc6 34.Be2 
Ka7 35.Qe3 Qe6 36.b4 Ng4 37.Bxg4 Qxg4 38.Bf4 Qh3 39.Rd1 Qg2 40.Qb3 Rh6 41.
Bxh6 Bxh6+ 42.Kb1 Bd2 43.Qc2 e3 44.b5 e2 45.b6+ Ka8 46.Qxd2 exd1=Q+ 47.
Qxd1 Qxg3 48.Kc2 Qa3 49.Qd2 Qa2+ 50.Kd1 Qb1+ 51.Ke2 Qe4+ 52.Qe3 Qc2+ 53.
Kf3 Qf5+ 54.Qf4 Qd3+ 55.Kg4 Qh3+ 56.Kg5 Qh5+ 57.Kf6 Qf7+ 58.Ke5 Qe6+ 59.
Kxe6 1/2-1/2

[Event "20th EUR-ch"]
[Site "Skopje MKD"]
[Date "2019.03.28"]
[Round "10"]
[White "Perunovic, Miodrag"]
[Black "Parligras, Mircea-Emilian"]
[Result "1/2-1/2"]
[WhiteElo "2436"]
[BlackElo "2657"]
[EventDate "2019.03.18"]
[Board "82"]
[PlyCount "170"]

1.e4 e5 2.Nf3 Nc6 3.Nc3 Nf6 4.Bb5 Bb4 5.O-O O-O 6.d3 Bxc3 7.bxc3 d6 8.Bg5 
Bd7 9.Rb1 h6 10.Bh4 a6 11.Ba4 b5 12.Bb3 Na5 13.h3 Qe7 14.Re1 Nxb3 15.axb3 
g5 16.Bg3 Nh7 17.d4 f6 18.c4 c5 19.dxc5 dxc5 20.cxb5 axb5 21.Qd5+ Be6 22.
Qc6 b4 23.Ra1 Rac8 24.Qb6 Rb8 25.Ra7 Rxb6 26.Rxe7 Rf7 27.Re8+ Nf8 28.Ra1 
Bd7 29.Rd8 Kg7 30.Ra7 Rd6 31.Kh2 Rd1 32.Bxe5 fxe5 33.Nxe5 Re7 34.Nd3 c4 
35.Nxb4 cxb3 36.cxb3 Rxe4 37.Na6 Kf7 38.Nc5 Red4 39.b4 Ke7 40.Rb8 h5 41.
Raa8 Ne6 42.Rh8 h4 43.Rh7+ Kf6 44.Ra6 Kf5 45.Rf7+ Kg6 46.Rxd7 Rxd7 47.Nxd7
Kf5 48.Ra5+ Kf4 49.Nf6 Rd2 50.Ng4 Rb2 51.Ne5 Ke4 52.Nf3 Kf4 53.Ne5 Ke4 54.
Nf7 Kf4 55.Re5 Nd4 56.Rxg5 Rxf2 57.Kg1 Rb2 58.Rg4+ Ke3 59.Rxh4 Rxb4 60.Rh6
Nf3+ 61.gxf3 Kxf3 62.Ng5+ Kg3 63.Kf1 Rh4 64.Ra6 Rf4+ 65.Ke2 Kh4 66.Rg6 Ra4
67.Kf3 Ra3+ 68.Kf4 Ra4+ 69.Kf5 Ra5+ 70.Kf6 Ra6+ 71.Kg7 Ra7+ 72.Kh6 Ra8 73.
Rg7 Ra6+ 74.Kh7 Ra5 75.Kh6 Ra6+ 76.Rg6 Ra8 77.Kg7 Ra7+ 78.Kf6 Ra6+ 79.Kf5 
Ra5+ 80.Kf4 Ra4+ 81.Ne4 Kxh3 82.Rg3+ Kh4 83.Rc3 Kh5 84.Kf5 Ra5+ 85.Nc5 Kh4
1/2-1/2

[Event "20th EUR-ch"]
[Site "Skopje MKD"]
[Date "2019.03.28"]
[Round "10"]
[White "Todorovic, Goran M"]
[Black "Van Foreest, Jorden"]
[Result "0-1"]
[WhiteElo "2429"]
[BlackElo "2621"]
[EventDate "2019.03.18"]
[Board "83"]
[PlyCount "91"]

1.e4 e5 2.Nf3 Nc6 3.Nc3 Nf6 4.g3 d5 5.exd5 Nxd5 6.Bg2 Nxc3 7.bxc3 Bd6 8.
O-O O-O 9.Rb1 Rb8 10.Re1 Bg4 11.d4 Re8 12.Qd3 exd4 13.Rxe8+ Qxe8 14.cxd4 
Nb4 15.Qd2 Nxa2 16.Bb2 Nb4 17.d5 Bf5 18.Re1 Qd8 19.Nd4 Bg6 20.h4 Bf8 21.h5
Bxh5 22.Nf5 Bg6 23.Nxg7 Bxg7 24.Bxg7 Nxc2 25.Bh6 Nxe1 26.Qc3 f6 27.Qxe1 
Qe8 28.Qa1 Be4 29.Qxf6 Qg6 30.Qxg6+ Bxg6 31.Bf4 Rc8 32.Bh3 Re8 33.Bxc7 
Re1+ 34.Kh2 Be4 35.Be6+ Kf8 36.g4 Ke7 37.Bg8 Rd1 38.d6+ Kd7 39.Kg3 b5 40.
f4 Rd3+ 41.Kh4 b4 42.f5 b3 43.Bc4 Rxd6 44.Bxd6 b2 45.Ba2 Kxd6 46.Kg5 0-1

[Event "20th EUR-ch"]
[Site "Skopje MKD"]
[Date "2019.03.28"]
[Round "10"]
[White "Stocek, Jiri"]
[Black "Banzea, Alexandru-Bogdan"]
[Result "1-0"]
[WhiteElo "2592"]
[BlackElo "2427"]
[EventDate "2019.03.18"]
[Board "84"]
[PlyCount "87"]

1.Nf3 Nf6 2.e3 g6 3.b4 Bg7 4.d4 O-O 5.Be2 d6 6.Bb2 e5 7.dxe5 Nfd7 8.c4 Nc6
9.O-O Nxb4 10.Qd2 Nc6 11.exd6 Bxb2 12.Qxb2 cxd6 13.Rd1 Nc5 14.Nc3 Qf6 15.
Nd4 Be6 16.Nxc6 bxc6 17.Rd4 Rab8 18.Qa3 Qe7 19.Rad1 Rfd8 20.Bf3 Qc7 21.h4 
a5 22.Na4 Nxa4 23.Qxa4 c5 24.Rf4 h5 25.Qc2 Qb6 26.Be4 f5 27.Bf3 Qb2 28.Qd3
Qe5 29.Qa3 Qb2 30.Qxa5 Qb4 31.Qa6 Rb6 32.Qa7 Rd7 33.Qa8+ Rb8 34.Qc6 Rb6 
35.Qc8+ Kg7 36.Qe8 Kf6 37.Qh8+ Kf7 38.e4 Qb2 39.Qh6 Qg7 40.Qg5 Qf6 41.exf5
Bxf5 42.Qh6 Qg7 43.Bd5+ Kf8 44.Qg5 1-0

[Event "20th EUR-ch"]
[Site "Skopje MKD"]
[Date "2019.03.28"]
[Round "10"]
[White "Piesik, Piotr"]
[Black "Gazik, Viktor"]
[Result "0-1"]
[WhiteElo "2420"]
[BlackElo "2535"]
[EventDate "2019.03.18"]
[Board "86"]
[PlyCount "158"]

1.d4 Nf6 2.c4 g6 3.Nc3 d5 4.Nf3 Bg7 5.Bg5 dxc4 6.e3 Be6 7.Ne5 Nd5 8.Nxc4 
c5 9.Nb5 f6 10.e4 fxg5 11.exd5 Bd7 12.Qb3 a6 13.Nbd6+ exd6 14.Qxb7 Qe7+ 
15.Be2 Bb5 16.Nxd6+ Qxd6 17.Qxg7 Qf8 18.Qe5+ Kd8 19.Qxg5+ Qe7 20.Qxe7+ 
Kxe7 21.dxc5 Nd7 22.b4 Rab8 23.a3 a5 24.Kd2 axb4 25.axb4 Bxe2 26.Rhe1 Rxb4
27.Rxe2+ Kf6 28.c6 Nb6 29.Ra6 Nxd5 30.c7+ Rb6 31.Rxb6+ Nxb6 32.Kd3 Rc8 33.
Rc2 Nd5 34.Rc5 Nxc7 35.Rc6+ Ke5 36.Rc5+ Kd6 37.Rc4 Rf8 38.Ke2 Ne6 39.g3 
Rf7 40.Ke3 Ra7 41.Kf3 Kd5 42.Rb4 Nc5 43.Rb5 Kd4 44.Rb4+ Kc3 45.Rb8 Nd3 46.
Kg2 Re7 47.h4 Kd4 48.Rf8 Ke4 49.Rf6 Ke5 50.Rf8 Ke6 51.Rd8 Ne5 52.Ra8 Rd7 
53.Re8+ Kf6 54.Rf8+ Nf7 55.Ra8 Rd2 56.Ra7 h6 57.Ra6+ Kf5 58.Ra4 Ne5 59.
Rf4+ Ke6 60.Kg1 Re2 61.Rf8 Ke7 62.Rf4 Ra2 63.Re4 Kf6 64.Rf4+ Kg7 65.Kf1 
Rd2 66.Kg1 Rd4 67.Rxd4 Nf3+ 68.Kg2 Nxd4 69.f4 h5 70.g4 hxg4 71.Kg3 Kh7 72.
Kxg4 Kh6 73.Kh3 Kh5 74.Kg3 Nf5+ 75.Kf3 Kxh4 76.Ke4 Kg4 77.Ke5 Nh4 78.Ke6 
Ng2 79.Kf7 Nxf4 0-1